Sanah - utwory instrumentalne - Statystyki

Ogólne statystyki
  • Ten quiz został rozwiązany 10 razy
  • Średni wynik to 7 z 8
Statystyki odpowiedzi
Płyta Utwór % Poprawnych
Irenka, Bankiet u sanah Interludium
100%
Kaprysy Intrada
100%
Królowa dram Koniec
100%
Królowa dram Początek
100%
Kaprysy Arco
86%
Kaprysy Coda
86%
Bankiet u sanah Intro
86%
Kaprysy Kaprys gis-moll
57%
Nie znaleziono quizów pasujących do podanych kryteriów
Rozkład punktacji
Procent ludzi z każdym wynikiem
Percentyl według liczby udzielonych odpowiedzi
Twoja historia wyników
Nie rozwiązałeś tego quizu